JAKA TO LITERA QUIZ ( DLA KOLEGI IGNACEGO) - Statystyki

Ogólne statystyki
  • Ten quiz został rozwiązany 1 902 razy
  • Średni wynik to 15 z 15
Statystyki odpowiedzi
Obrazkowy Odpowiedź % Poprawnych
C
100%
A
99%
D
99%
H
99%
I
99%
I
99%
K
99%
W
99%
Z
99%
S
98%
U
98%
J
96%
P
96%
E
89%
X
84%
Nie znaleziono quizów pasujących do podanych kryteriów
Rozkład punktacji
Procent ludzi z każdym wynikiem
Percentyl według liczby udzielonych odpowiedzi
Twoja historia wyników
Nie rozwiązałeś tego quizu